| 000 | 00508nam a2200217Ia 4500 | ||
|---|---|---|---|
| 999 |
_c3167 _d3167 |
||
| 003 | 0100 | ||
| 008 | 130227s9999 xx 000 0 und d | ||
| 020 | _a0140208844 | ||
| 040 | _cARRUPELIB | ||
| 050 | _aGN480.F68 | ||
| 100 |
_aFox, Robin _937771 |
||
| 245 | _aKinship and marriage: | ||
| 245 | _ban anthropological perspective/ | ||
| 260 |
_aHarmondsworth _bPenguin Books _c1967 |
||
| 300 | _a271p | ||
| 300 | _b 18cm | ||
| 440 |
_aPenguin anthropological library _937772 |
||
| 650 |
_aKinship _zAfrica _937773 |
||
| 650 |
_aMarriage customs and Rites _zAfrica _937774 |
||
| 942 |
_2lcc _cMONOGRAPH |
||